Представление документа в формате RUSMARC

ПолеНазваниеЗначение
  Тип записи a
  Библиографический уровень m
001 Контрольный номер cd559a14926e4e16a35cfbb3fb02fa8d
005 Дата корректировки 20211201070121.5
010 Индекс ISBN __
a ISBN 978-5-17-101287-8
d Цена 489-50
100 Данные общей обработки __
a Данные общей обработки 20211130d2021####cd#y0rusy50######ca
101 Язык документа 0_
a Язык текста rus
c Язык оригинала rus
102 Страна публикации __
a Страна публикации RU
200 Заглавие и сведения об ответственности 1_
a Заглавие Как бы ты поступил?
e Сведения, относящиеся к заглавию сам себе психолог
f Первые сведения об ответственности Ю. Б. Гиппенрейтер, А. Н. Рудаков
g Последующие сведения об ответственности иллюстрации Анны Кузьминой
210 Выходные данные 1_
a Место издания Москва
c Издательство АСТ
d Дата издания 2021
215 Физическое описание __
a Объем 126, [1] с.
c Иллюстрации/тип воспроизводства ил. цв.
225 Серия (Журнальная рубрика) 2_
a Серия (Журнальная рубрика) Психология для детей
300 Общие примечания __
a Общие примечания На обложке: Обсуждаем с ребенком чувства и поступки
330 Аннотация __
a Аннотация В книге собраны 60 типичных ситуаций из повседневной жизни детей и подростков, предлагающим детям понять и разобраться в таких понятиях как честность, справедливость, добро, сочувствие. После каждой истории, авторы предлагают детям ответить на вопросы и обсудить ответы с родителями или друзьями.
333 Примечание о целевом назначении __
a Примечание о целевом назначении 6+
606 Тематические рубрики __
a Основная рубрика Психология
606 Тематические рубрики __
a Основная рубрика Возрастная психология
610 Ключевые слова 0_
a Ключевые слова психология для детей
a Ключевые слова обиды (психология)
a Ключевые слова неуверенность
a Ключевые слова вина (психология)
a Ключевые слова детская психология
a Ключевые слова подростковая психология
a Ключевые слова эмоции у детей
a Ключевые слова честность (психология)
a Ключевые слова справедливость (психология)
a Ключевые слова добро (психология)
a Ключевые слова сочувствие (психология)
a Ключевые слова чувства (психология)
a Ключевые слова поступки (психология)
686 Индексы других классификаций __
a Индекс ББК 88.4
700 Автор _1
a Фамилия Гиппенрейтер
b Имя Ю. Б.
g Полное личное имя Юлия Борисовна
f Даты 1930-
701 Альтернативная интеллектуальная ответственность (другие авторы) _1
a Фамилия Рудаков
b Имя А. Н.
g Полное личное имя Алексей Николаевич
702 Вторичная интеллектуальная ответственность _1
a Фамилия Кузьмина
b Имя А.
g Полное личное имя Анна
c Титул (звания) иллюстратор
801 Источник записи _0
a Страна RU
b Организация Центральная районная библиотека им. Г. А. Пирожникова
g Правила каталогизации bzbo
c Дата составления 20211130
801 Источник записи _1
a Страна RU
b Организация Центральная районная библиотека им. Г. А. Пирожникова
g Правила каталогизации bzbo
c Дата составления 20211130
852 Данные о местонахождении __
i Авторский знак Г 506
j Шифр хранения 88.4
901 Тип документа __
t Тип документа m
902 Роль лиц __
a Создатель БЗ ОКиО/Колмакова